| LEADER |
00809nam0a2200205 450 |
| 001 |
16847696 |
| 010 |
|
|
|a 978-2-37932-207-5
|b br.
|d 25,8
|
| 100 |
|
|
|a 20220718d2022 u u0frey01 ba
|
| 101 |
0 |
|
|a fre
|
| 102 |
|
|
|a FR
|
| 200 |
0 |
|
|a Porte du ciel (La)
|f Eric-Emmanuel Schmitt
|
| 207 |
|
1 |
|a
|
| 215 |
|
|
|a 1 vol. (672 p.)
|d 24 x 15 cm
|
| 225 |
1 |
|
|v 02
|
| 330 |
|
|
|a Tomaison. Noam cherche la femme de sa vie à Babel, au 3e millénaire av. J.-C., où les hommes inventent l'écriture, l'astronomie et la civilisation urbaine.
|
| 461 |
|
0 |
|t La traversée des temps
|v 02
|
| 700 |
|
0 |
|a Schmitt
|b Eric-Emmanuel
|c Auteur du texte
|f 1960-....
|4 70
|
| 900 |
|
|
|a Roman (gros caractères)
|
| 901 |
|
|
|a Accessible au prêt
|
| 995 |
|
|
|a Bibliothèque
|c Bibliothèque
|f 00156010425775
|h 00156010425775
|k R SCH 2
|o p
|q a
|r az
|e Bibliothèque
|